Devinettes - Qui suis-je ? - Statistiques

Statistiques générales
  • Ce quiz a été pris 311 fois
  • Le résultat moyen est 3 sur 10
Statistiques - réponses
Enigmes Je suis... % Correct
Je ne fais aucun bruit en me levant, Et pourtant, je réveille tout le monde. Qui suis-je ? Le Soleil
75%
A Noël, je suis sur la table
et dans la cheminée.
Qui suis-je ?
La bûche
72%
Je traverse les vitres sans les casser. Qui suis-je ? La lumière
69%
Je suis le deuxième né d’une famille de douze enfants et pourtant je suis le plus petit. Qui suis-je ? Février
16%
Depuis toujours, utile dans notre quotidien,
Devenu symbole du ras-le-bol des citoyens.
Certains y passent, d’autres en trainent,
Dans les deux cas, ça fait de la peine. Qui suis-je ?
La casserole
16%
On me prend sans me toucher. Qui suis-je ? La parole
16%
Je suis né muet mais après 40 ans, j’ai enfin fini par parler. Qui suis-je ? Le cinéma
14%
On me jette quand on a besoin de moi, et on me récupère quand je ne suis plus utile. Qui suis-je ? L'ancre d'un bateau
7%
Si vous en avez 3, alors vous en avez 3. Si vous en avez 2, alors vous en avez 2. Mais si vous en avez 1, vous n’en avez pas. Qui suis-je ? Un choix
6%
Tel quel, je suis un peu, Tourne-moi, je suis tout, Coupe-moi et je ne suis rien. Qui suis-je ? Le 8
5%
Aucun quiz correspondant
Distribution des résultats
% des personnes avec chaque résultat
Percentile par nombre de réponses
Votre historique - résultats
Vous n’avez pas pris ce quiz